000 00486nam a2200181Ia 4500
001 2332
005 20260306144759.0
008 260306t2012||||xx |||||||||||||| ||spa||
041 _aESP
082 _a616.861
_bS13
100 _aSackmann, Alfredo
_eAUT
245 0 _aAlcoholopatías:
_bdiagnóstico y tratamiento de la adicción alcohólica en todas sus formas
260 _c2012
300 _a501 páginas :
_c24 cm.
650 _aGEN
654 _aCPS
942 _cLIB
_dJUS
_fJUS
_2ddc
_n
999 _c2332
_d2332